Nhận diện và giảm các rủi so dẫn đến tham nhũng trong quản lý đất đai ở Việt Nam = Recognizing and reducing corruption risks in land management in Vietnam
The book analyzes and explains the cause of corruption in land administration and the existing types of corruption
محفوظ في:
| التنسيق: | كتاب |
|---|---|
| اللغة: | Undetermined |
| منشور في: |
Hà Nội
Chính trị quốc gia
2011
|
| الموضوعات: | |
| الوسوم: |
إضافة وسم
لا توجد وسوم, كن أول من يضع وسما على هذه التسجيلة!
|
| Thư viện lưu trữ: | Trung tâm Học liệu Trường Đại học Cần Thơ |
|---|
| LEADER | 00888nam a2200193Ia 4500 | ||
|---|---|---|---|
| 001 | CTU_166441 | ||
| 008 | 210402s9999 xx 000 0 und d | ||
| 082 | |a 352.57 | ||
| 082 | |b Nh121 | ||
| 245 | 0 | |a Nhận diện và giảm các rủi so dẫn đến tham nhũng trong quản lý đất đai ở Việt Nam = | |
| 245 | 0 | |b Recognizing and reducing corruption risks in land management in Vietnam | |
| 260 | |a Hà Nội | ||
| 260 | |b Chính trị quốc gia | ||
| 260 | |c 2011 | ||
| 520 | |a The book analyzes and explains the cause of corruption in land administration and the existing types of corruption | ||
| 650 | |a Land use,Real estate development,Sử dụng đất,Quản lý bất động sản | ||
| 650 | |x Corrupt practices,Tham nhũng | ||
| 904 | |i Đoan Trang, Trọng Hiếu | ||
| 980 | |a Trung tâm Học liệu Trường Đại học Cần Thơ | ||